000 00465nam a2200169 i 4500
001 92860
003 ES-MaACL
005 20230906181056.0
007 t|
008 050330s1941 sp ||||1| spa d
100 1 _aLizón Gadea, Adolfo.
_972627
245 1 0 _aDiapasón de la muerte /
_cAdolfo Lizón Gadea.
260 _aMadrid :
_b[s.n.],
_c1941 (
_fJ. F. Izquierdo)
300 _a34 p. ;
_c17 cm.
852 _aES-MaACL
_j1829-F-9
852 _aES-MaACL
_j1829-F-3
999 _c92860
_d92860